Festivities of India/ (Record no. 192709)

MARC details
000 -LEADER
fixed length control field 00477nam a22001697a 4500
010 ## - LCCN (DPL NO)
LC control number ENG-135269
020 ## - INTERNATIONAL STANDARD BOOK NUMBER
International Standard Book Number 9789382634362
Terms of availability 750.00
035 ## - SYSTEM CONTROL NUMBER
System control number EN-118801
037 ## - SOURCE OF ACQUISITION
Source of stock number/acquisition DBAD/PUB
082 ## - DEWEY DECIMAL CLASSIFICATION NUMBER
Classification number 398.330954
100 ## - MAIN ENTRY--PERSONAL NAME
Personal name Jha,N.N.
245 ## - TITLE STATEMENT
Title Festivities of India/
Statement of responsibility, etc by N.N.Jha
260 ## - PUBLICATION, DISTRIBUTION, ETC. (IMPRINT)
Place of publication, distribution, etc Allahabad
Name of publisher, distributor, etc Meenakshi prakashan
Date of publication, distribution, etc 2017
270 ## - ADDRESS
Address 5 Khsuro Bagh Road,
City Allahabad
Postal code 211001
300 ## - PHYSICAL DESCRIPTION
Extent 240p.
Dimensions 23cm(Hb)
942 ## - ADDED ENTRY ELEMENTS (KOHA)
Source of classification or shelving scheme Dewey Decimal Classification
Item type English Books
Classification part 398.330954
Call number suffix JHA
Holdings
Withdrawn status Lost status Not for loan Collection code Home library Current library Date acquired Source of acquisition Cost, normal purchase price Full call number Barcode Copy number Cost, replacement price Koha item type
      Non-fiction Bawana Bawana 30/09/2022 DBAD/PUB 750.00 398.330954 JHA EN-118801 1 750.00 English Books

© Delhi Public Library
Hit Counter
free hit counter